[Event "HUN-chT2 Toth 2122"]
[Site "Hungary"]
[Date "2022.02.27"]
[Round "7.7"]
[White "Abraham, Zoltan"]
[Black "Muhari, Istvan"]
[Result "1/2-1/2"]
[WhiteElo "1827"]
[BlackElo "2148"]
[PlyCount "60"]
[EventDate "2021.10.10"]
[EventType "team-tourn"]
[EventRounds "9"]
[EventCountry "HUN"]
[SourceTitle "EXT 2025"]
[Source "ChessBase"]
[SourceDate "2024.10.14"]
[SourceVersion "1"]
[SourceVersionDate "2024.10.14"]
[SourceQuality "1"]
[WhiteTeam "Szentes Integral"]
[BlackTeam "Kisujszallas"]
[WhiteTeamCountry "HUN"]
[BlackTeamCountry "HUN"]

1. Nf3 d5 2. d4 Nf6 3. Bg5 e6 4. e3 Be7 5. Bd3 Nbd7 6. Nbd2 0-0 7. 0-0 c5 8. c3 b6 9. Re1 Bb7 10. Nf1 Ne4 11. Bxe7 Qxe7 12. Ng3 Rad8 13. a4 e5 14. Bb1 f5 15. Ba2 Kh8 16. dxe5 Nxe5 17. Nxe5 Qxe5 18. Qh5 Nxg3 19. hxg3 Bc6 20. Bb3 Rd6 21. Rad1 Qe7 22. Rd2 Qb7 23. Qe2 Rh6 24. Qf1 Qf7 25. f3 c4 26. Bc2 Qh5 27. Kf2 Qg5 28. f4 Qe7 29. Qe2 g5 30. Rd4 Qg7 1/2-1/2

[Event "HUN-chT2 Toth 2122"]
[Site "Hungary"]
[Date "2021.10.31"]
[Round "2.8"]
[White "Abraham, Zoltan"]
[Black "Szili, Istvan"]
[Result "1/2-1/2"]
[WhiteElo "1878"]
[BlackElo "1957"]
[PlyCount "41"]
[EventDate "2021.10.10"]
[EventType "team-tourn"]
[EventRounds "9"]
[EventCountry "HUN"]
[SourceTitle "EXT 2025"]
[Source "ChessBase"]
[SourceDate "2024.10.14"]
[SourceVersion "1"]
[SourceVersionDate "2024.10.14"]
[SourceQuality "1"]
[WhiteTeam "Szentes Integral"]
[BlackTeam "Kecskemet Takisz"]
[WhiteTeamCountry "HUN"]
[BlackTeamCountry "HUN"]

1. d4 e6 2. Nf3 d5 3. Bf4 Bd6 4. Bg5 Nf6 5. e3 h6 6. Bh4 c5 7. c3 Nc6 8. Bd3 cxd4 9. exd4 0-0 10. 0-0 e5 11. dxe5 Nxe5 12. Nxe5 Bxe5 13. Bc2 Qb6 14. Bb3 g5 15. Bg3 Bxg3 16. hxg3 Bg4 17. Qd4 Qxd4 18. cxd4 Bd7 19. Nc3 Bc6 20. Rfe1 Rfe8 21. f3 1/2-1/2

[Event "HUN-chT2 Toth 1819"]
[Site "Hungary"]
[Date "2019.02.24"]
[Round "8.8"]
[White "Fekete, Alex"]
[Black "Abraham, Zoltan"]
[Result "1/2-1/2"]
[WhiteElo "1741"]
[BlackElo "1870"]
[PlyCount "55"]
[EventDate "2018.09.23"]
[EventType "team-tourn"]
[EventRounds "11"]
[EventCountry "HUN"]
[SourceTitle "EXT 2021"]
[Source "ChessBase"]
[SourceDate "2020.10.23"]
[SourceVersion "1"]
[SourceVersionDate "2020.10.23"]
[SourceQuality "1"]
[WhiteTeam "Kecskemet Toth Laszlo II"]
[BlackTeam "Szentes Integral"]
[WhiteTeamCountry "HUN"]
[BlackTeamCountry "HUN"]

1. d4 Nf6 2. c4 d5 3. Nf3 c6 4. cxd5 cxd5 5. g3 e6 6. Bg2 Be7 7. 0-0 0-0 8. Nc3 b6 9. Bf4 Bb7 10. Rc1 a6 11. Qd3 Bd6 12. Bxd6 Qxd6 13. Ne5 Nbd7 14. Nxd7 Qxd7 15. Rc2 Rfc8 16. Rfc1 g6 17. e3 Kg7 18. Ne2 a5 19. Qb3 Ba6 20. Rxc8 Rxc8 21. Rxc8 Qxc8 22. Nc3 Nd7 23. Bf1 Bxf1 24. Kxf1 Qc7 25. Kg2 h5 26. f4 Kf6 27. Kf3 Qc6 28. Qb5 1/2-1/2

[Event "HUN-chT2 Toth 1718"]
[Site "Hungary"]
[Date "2018.03.25"]
[Round "10.5"]
[White "Kiss, Balazs Janos"]
[Black "Abraham, Zoltan"]
[Result "1-0"]
[WhiteElo "1945"]
[BlackElo "1912"]
[PlyCount "123"]
[EventDate "2017.09.24"]
[EventType "team-tourn"]
[EventRounds "11"]
[EventCountry "HUN"]
[SourceTitle "EXT 2021"]
[Source "ChessBase"]
[SourceDate "2020.10.23"]
[SourceVersion "1"]
[SourceVersionDate "2020.10.23"]
[SourceQuality "1"]
[WhiteTeam "Szeged Meritum"]
[BlackTeam "Szentes Integral"]
[WhiteTeamCountry "HUN"]
[BlackTeamCountry "HUN"]

1. d4 Nf6 2. Bf4 d6 3. e3 g6 4. Nf3 Bg7 5. Nbd2 Bf5 6. c3 c6 7. Bc4 0-0 8. 0-0 Nh5 9. Bg5 h6 10. Bh4 d5 11. Bb3 Nd7 12. Re1 Nhf6 13. Bc2 Re8 14. e4 dxe4 15. Nxe4 Nxe4 16. Bxe4 Bxe4 17. Rxe4 Nf6 18. Re2 Qd5 19. Qc2 g5 20. Bg3 Nh7 21. a3 e6 22. Rae1 Rac8 23. Ne5 Nf8 24. f4 Qd8 25. b4 f5 26. Nc4 g4 27. Ne3 Qd7 28. Qb3 Qf7 29. Nc4 h5 30. Nd6 Qf6 31. Nxb7 Rc7 32. Nc5 Rce7 33. Bf2 Kf7 34. Nd3 Qh6 35. Ne5+ Bxe5 36. Rxe5 Qh7 37. g3 Nd7 38. Ra5 Nf6 39. Ree5 Kg6 40. Ra6 Ne4 41. Rxc6 Kf6 42. Be1 Qh6 43. c4 h4 44. Qe3 hxg3 45. Bxg3 Rd8 46. Rxe4 fxe4 47. Qxe4 Kf7 48. d5 Qf6 49. Bf2 Qa1+ 50. Kg2 Qxa3 51. Qh7+ Kf8 52. Qh8+ Kf7 53. dxe6+ Kg6 54. Qxd8 Qf3+ 55. Kg1 Qxc6 56. Qxe7 Qxc4 57. Qg5+ Kh7 58. Qxg4 Qc1+ 59. Kg2 Qc6+ 60. Kh3 Qc3+ 61. Bg3 Qxb4 62. f5 1-0

[Event "HUN-chT2 Toth 1718"]
[Site "Hungary"]
[Date "2017.12.17"]
[Round "6.7"]
[White "Toth, Kazmer"]
[Black "Abraham, Zoltan"]
[Result "1/2-1/2"]
[WhiteElo "1953"]
[BlackElo "1912"]
[PlyCount "49"]
[EventDate "2017.09.24"]
[EventType "team-tourn"]
[EventRounds "11"]
[EventCountry "HUN"]
[SourceTitle "EXT 2021"]
[Source "ChessBase"]
[SourceDate "2020.10.23"]
[SourceVersion "1"]
[SourceVersionDate "2020.10.23"]
[SourceQuality "1"]
[WhiteTeam "Felegyhaza Csongrad"]
[BlackTeam "Szentes Integral"]
[WhiteTeamCountry "HUN"]
[BlackTeamCountry "HUN"]

1. c4 Nf6 2. Nc3 c5 3. g3 g6 4. Bg2 Bg7 5. Nf3 0-0 6. 0-0 Nc6 7. e4 d6 8. d3 Bg4 9. h3 Bd7 10. Kh2 a6 11. Be3 Rb8 12. a4 b6 13. Qd2 Ne8 14. Bh6 e5 15. Nd5 Nc7 16. Bxg7 Kxg7 17. g4 Ne6 18. b4 Ncd4 19. Ra2 Nxf3+ 20. Bxf3 Nd4 21. Bg2 Qh4 22. f3 f5 23. gxf5 gxf5 24. Qf2 Qh6 25. f4 1/2-1/2

[Event "HUN-chT2 Toth 1718"]
[Site "Hungary"]
[Date "2017.12.03"]
[Round "5.6"]
[White "Egyed, Zsolt"]
[Black "Abraham, Zoltan"]
[Result "1-0"]
[WhiteElo "2081"]
[BlackElo "1912"]
[PlyCount "85"]
[EventDate "2017.09.24"]
[EventType "team-tourn"]
[EventRounds "11"]
[EventCountry "HUN"]
[SourceTitle "EXT 2021"]
[Source "ChessBase"]
[SourceDate "2020.10.23"]
[SourceVersion "1"]
[SourceVersionDate "2020.10.23"]
[SourceQuality "1"]
[WhiteTeam "Karcag"]
[BlackTeam "Szentes Integral"]
[WhiteTeamCountry "HUN"]
[BlackTeamCountry "HUN"]

1. e4 d6 2. d4 Nf6 3. Bd3 e5 4. d5 c5 5. c4 h6 6. Ne2 Be7 7. 0-0 0-0 8. f4 exf4 9. Nxf4 Nbd7 10. Nc3 Ne5 11. b3 Bg4 12. Be2 Bxe2 13. Qxe2 a6 14. Nd3 Nfd7 15. Bd2 Bg5 16. Rf5 Bxd2 17. Qxd2 Nxd3 18. Qxd3 Qh4 19. Raf1 Ne5 20. Qe2 Qg4 21. Qe3 Rae8 22. h3 Qh4 23. Ne2 Qe7 24. Ng3 Ng6 25. Qc3 Ne5 26. Rh5 f6 27. Nf5 Qd7 28. Qg3 Kh7 29. Rf4 Qf7 30. Rfh4 Qg6 31. Qe3 Nf7 32. Ng3 Re5 33. Rf5 Rfe8 34. Qd3 Rxf5 35. Nxf5 Qg5 36. Qf3 Qd2 37. Rg4 Rg8 38. Ne7 Qd4+ 39. Kh1 Re8 40. Rxg7+ Kxg7 41. Nf5+ Kg6 42. Nxd4 cxd4 43. Qd3 1-0

[Event "HUN-chT2 Toth 1617"]
[Site "Hungary"]
[Date "2016.12.11"]
[Round "6.8"]
[White "Visnyei, Illes"]
[Black "Abraham, Zoltan"]
[Result "1-0"]
[WhiteElo "1962"]
[BlackElo "1935"]
[PlyCount "79"]
[EventDate "2016.09.25"]
[EventType "team-tourn"]
[EventRounds "11"]
[EventCountry "HUN"]
[SourceTitle "EXT 2021"]
[Source "ChessBase"]
[SourceDate "2020.10.23"]
[SourceVersion "1"]
[SourceVersionDate "2020.10.23"]
[SourceQuality "1"]
[WhiteTeam "Bekes"]
[BlackTeam "Szentes Integral"]
[WhiteTeamCountry "HUN"]
[BlackTeamCountry "HUN"]

1. e4 d6 2. d4 Nf6 3. Nc3 g6 4. Bg5 Bg7 5. Nf3 c6 6. Qd2 b5 7. a3 a5 8. Bd3 Na6 9. Ne2 Nc7 10. Bh6 0-0 11. c3 Bg4 12. Ng3 c5 13. h3 Bxf3 14. gxf3 e5 15. d5 c4 16. Bc2 Nd7 17. h4 Qf6 18. Bg5 Qxf3 19. Be7 Rfc8 20. Bxd6 Na6 21. Be7 Nac5 22. 0-0 Nf6 23. Bxc5 Rxc5 24. Rfe1 Qg4 25. Qg5 Qh3 26. Bd1 Re8 27. Qe3 Rcc8 28. h5 Bf8 29. Qg5 Bc5 30. Nf5 Nxe4 31. Nh6+ Kg7 32. Rxe4 f5 33. Rh4 Qd3 34. hxg6 hxg6 35. Bh5 f4 36. Rg4 Bxf2+ 37. Kxf2 Qd2+ 38. Kg1 Qe3+ 39. Kh2 Qd3 40. Nf5+ 1-0

[Event "HUN-chT2 Toth 1516"]
[Site "Hungary"]
[Date "2016.04.17"]
[Round "11.7"]
[White "Abraham, Zoltan"]
[Black "Csibor, Andras"]
[Result "1-0"]
[WhiteElo "1923"]
[BlackElo "1838"]
[PlyCount "77"]
[EventDate "2015.09.13"]
[EventType "team-tourn"]
[EventRounds "11"]
[EventCountry "HUN"]
[SourceTitle "EXT 2017"]
[Source "ChessBase"]
[SourceDate "2016.10.25"]
[SourceVersion "1"]
[SourceVersionDate "2016.10.25"]
[SourceQuality "1"]
[WhiteTeam "Szentes Integral"]
[BlackTeam "Mako SVSE II"]
[WhiteTeamCountry "HUN"]
[BlackTeamCountry "HUN"]

1. d4 d5 2. Nf3 e6 3. Bf4 Bd6 4. Ne5 Nd7 5. Nd2 Nxe5 6. dxe5 Be7 7. e3 Bg5 8. Qg4 h6 9. h4 Bxf4 10. Qxg7 Bxe5 11. Qxe5 f6 12. Qh5+ Kf8 13. Bd3 Qe7 14. c3 Bd7 15. e4 c6 16. Rh3 Qf7 17. Qe2 Ne7 18. Nf3 Ng6 19. Qe3 e5 20. Rg3 Nf4 21. Bc2 Rg8 22. Qc5+ Ke8 23. Rxg8+ Qxg8 24. g3 Ne6 25. Qb4 b6 26. exd5 cxd5 27. Qd6 e4 28. Qxd5 Rc8 29. Bxe4 Rc5 30. Qa8+ Nd8 31. Kf1 Qc4+ 32. Kg2 f5 33. Re1 Be6 34. Bc2 Rc8 35. Qxa7 Kf8 36. Bb3 Qc6 37. Bxe6 Nxe6 38. Qh7 Ng7 39. h5 1-0

[Event "HUN-chT2 Toth 1516"]
[Site "Hungary"]
[Date "2016.04.03"]
[Round "10.7"]
[White "Papp, Zoltan"]
[Black "Abraham, Zoltan"]
[Result "1/2-1/2"]
[WhiteElo "1844"]
[BlackElo "1923"]
[PlyCount "22"]
[EventDate "2015.09.13"]
[EventType "team-tourn"]
[EventRounds "11"]
[EventCountry "HUN"]
[SourceTitle "EXT 2017"]
[Source "ChessBase"]
[SourceDate "2016.10.25"]
[SourceVersion "1"]
[SourceVersionDate "2016.10.25"]
[SourceQuality "1"]
[WhiteTeam "Toth Laszlo II"]
[BlackTeam "Szentes Integral"]
[WhiteTeamCountry "HUN"]
[BlackTeamCountry "HUN"]

1. d4 Nf6 2. f4 g6 3. Nf3 Bg7 4. e3 d5 5. Bd3 c5 6. c3 b6 7. 0-0 0-0 8. Bd2 Ba6 9. Qe2 Bxd3 10. Qxd3 c4 11. Qc2 Ne4 1/2-1/2

[Event "HUN-chT Csongrad Region"]
[Site "Hungary"]
[Date "2015.11.15"]
[Round "4.1"]
[White "Abraham, Zoltan"]
[Black "Balla, Tibor"]
[Result "0-1"]
[WhiteElo "1966"]
[BlackElo "2044"]
[PlyCount "112"]
[EventDate "2015.09.20"]
[EventType "team-tourn"]
[EventRounds "9"]
[EventCountry "HUN"]
[SourceTitle "EXT 2017"]
[Source "ChessBase"]
[SourceDate "2016.10.25"]
[SourceVersion "1"]
[SourceVersionDate "2016.10.25"]
[SourceQuality "1"]

1. d4 e6 2. Nf3 d5 3. Bf4 Nf6 4. e3 Bd6 5. Ne5 c5 6. c3 0-0 7. Nd2 Nc6 8. Bd3 Bxe5 9. dxe5 Nd7 10. Nf3 f5 11. Ng5 Ndxe5 12. Bc2 h6 13. Nh3 Qf6 14. Qe2 b6 15. f3 a5 16. Qb5 Qd8 17. Qe2 Ba6 18. Qf2 Qf6 19. Rg1 b5 20. g4 fxg4 21. fxg4 g5 22. Qg3 b4 23. cxb4 axb4 24. Rg2 Nc4 25. Rb1 gxf4 26. Nxf4 Ra7 27. g5 hxg5 28. h4 Rg7 29. hxg5 Qe5 30. Re2 Qxg5 31. Bh7+ Kxh7 32. Qh3+ Qh6 33. Qxh6+ Kxh6 34. Rh2+ Kg5 35. Nxe6+ Kf6 36. Nxg7 Kxg7 37. Rg2+ Kf7 38. Rf2+ Ke7 39. Rxf8 Kxf8 40. Rc1 N6e5 41. Kd1 Nxe3+ 42. Kd2 N3c4+ 43. Kc2 Ke7 44. Rh1 d4 45. b3 Ne3+ 46. Kc1 Bd3 47. Rh8 Bf5 48. Ra8 Ke6 49. Kd2 Kd5 50. Ra5 Nf3+ 51. Ke2 Bg4 52. Kd3 Ne5+ 53. Kd2 Nf1+ 54. Ke1 Ng3 55. a4 d3 56. Kd2 Nf1+ 0-1

[Event "HUN-chT2 Toth 0809"]
[Site "Hungary"]
[Date "2008.11.30"]
[Round "3.8"]
[White "Abraham, Zoltan"]
[Black "Strifler, Janos"]
[Result "1-0"]
[WhiteElo "1944"]
[BlackElo "1823"]
[PlyCount "53"]
[EventDate "2008.10.26"]
[EventType "tourn"]
[EventRounds "11"]
[EventCountry "HUN"]
[SourceTitle "EXT 2010"]
[Source "ChessBase"]
[SourceDate "2010.11.25"]
[SourceVersion "1"]
[SourceVersionDate "2010.11.25"]
[SourceQuality "1"]
[WhiteTeam "Vasarhelyi"]
[BlackTeam "Mezobereny"]
[WhiteTeamCountry "HUN"]
[BlackTeamCountry "HUN"]

1. c4 e5 2. e4 c5 3. d3 d6 4. f4 Nf6 5. Nf3 Be7 6. fxe5 Bg4 7. exf6 Bxf6 8. Be2 Nc6 9. Nc3 Bxf3 10. Bxf3 Bd4 11. Ne2 Be5 12. 0-0 0-0 13. Rb1 f5 14. exf5 Rxf5 15. Bd5+ Kh8 16. Rxf5 Qh4 17. g3 Qh3 18. Rf1 Rb8 19. Bf4 h6 20. Bxc6 bxc6 21. Bxe5 dxe5 22. Qd2 Qe6 23. Qe3 Qd6 24. Nc3 Rd8 25. Rf3 Kh7 26. Ne4 Qd4 27. Nxc5 1-0

[Event "HUN-chT2 Toth 0809"]
[Site "Hungary"]
[Date "2008.11.02"]
[Round "2.6"]
[White "Sakic, Simeon"]
[Black "Abraham, Zoltan"]
[Result "0-1"]
[WhiteElo "1983"]
[BlackElo "1944"]
[PlyCount "140"]
[EventDate "2008.10.26"]
[EventType "tourn"]
[EventRounds "11"]
[EventCountry "HUN"]
[SourceTitle "EXT 2010"]
[Source "ChessBase"]
[SourceDate "2010.11.25"]
[SourceVersion "1"]
[SourceVersionDate "2010.11.25"]
[SourceQuality "1"]
[WhiteTeam "Szentes"]
[BlackTeam "Vasarhelyi"]
[WhiteTeamCountry "HUN"]
[BlackTeamCountry "HUN"]

1. e4 d6 2. d4 g6 3. c4 Bg7 4. Nc3 Nf6 5. Be2 0-0 6. Nf3 c5 7. h3 cxd4 8. Nxd4 Nc6 9. Nxc6 bxc6 10. 0-0 Rb8 11. Qc2 Ne8 12. b3 f5 13. Bb2 f4 14. Bf3 e5 15. Rfd1 Qh4 16. Ba3 Rf6 17. Rd3 g5 18. Rad1 Bf8 19. Qe2 Rb7 20. Bg4 Be6 21. Bxe6+ Rxe6 22. Qg4 Qh6 23. Na4 Qg6 24. Qe2 c5 25. Nc3 a6 26. f3 h5 27. Nd5 Rh7 28. Kf2 Qg7 29. Rh1 Rg6 30. Rdd1 g4 31. hxg4 hxg4 32. Rxh7 Qxh7 33. Rg1 gxf3 34. Qxf3 Rg3 35. Qe2 Qh2 36. Qf1 Qh4 37. Rh1 Rh3+ 38. g3 fxg3+ 39. Kg2 Rxh1 40. Qxh1 Qxe4+ 41. Kg1 Qb1+ 42. Kg2 Qxa2+ 43. Kxg3 Qxb3+ 44. Kg4 Qxa3 45. Qh5 Qd3 46. Qxe8 Qxc4+ 47. Kg5 Qc1+ 48. Kf5 Qf1+ 49. Ke6 Qh3+ 50. Kf6 Qf3+ 51. Kg5 Qg3+ 52. Kf5 Qh3+ 53. Kf6 Qh6+ 54. Kf5 Qh7+ 55. Ke6 Qh3+ 56. Kf6 Qf3+ 57. Kg5 Qxd5 58. Qg6+ Kh8 59. Qh5+ Bh6+ 60. Qxh6+ Kg8 61. Qg6+ Kf8 62. Kf6 Qg8 63. Qb1 Qg7+ 64. Ke6 Qe7+ 65. Kd5 e4 66. Qb8+ Kg7 67. Qb2+ Qe5+ 68. Qxe5+ dxe5 69. Kxe4 Kf6 70. Kd3 Kf5 0-1

[Event "HUN-chT2 Toth 0708"]
[Site "Hungary"]
[Date "2008.04.27"]
[Round "10"]
[White "Abraham, Zoltan"]
[Black "Nagy, Jozsef"]
[Result "0-1"]
[WhiteElo "1957"]
[BlackElo "1960"]
[PlyCount "166"]
[EventDate "2007.10.14"]
[EventType "team-tourn"]
[EventRounds "11"]
[EventCountry "HUN"]
[SourceTitle "EXT 2009"]
[Source "ChessBase"]
[SourceDate "2008.11.26"]
[SourceVersion "1"]
[SourceVersionDate "2008.11.26"]
[SourceQuality "1"]
[WhiteTeam "Vasarhelyi"]
[BlackTeam "Szentes"]
[WhiteTeamCountry "HUN"]
[BlackTeamCountry "HUN"]

1. d4 d5 2. e3 e6 3. Bd3 Nf6 4. Nf3 c5 5. c3 Nc6 6. Nbd2 Qc7 7. 0-0 a6 8. e4 cxd4 9. cxd4 dxe4 10. Nxe4 Nd5 11. a3 b6 12. Bg5 h6 13. Bh4 f5 14. Nc3 g5 15. Nxd5 exd5 16. Bg3 f4 17. Bg6+ Kd8 18. Rc1 Qd6 19. Ne5 Nxe5 20. dxe5 Qe6 21. Qd3 a5 22. Rfe1 Ba6 23. Qd2 fxg3 24. hxg3 Bb7 25. Qd3 Bc5 26. Bf5 Qe7 27. Qb5 Rf8 28. g4 h5 29. b4 axb4 30. axb4 Bd4 31. Rcd1 hxg4 32. Rxd4 Rxf5 33. Qxb6+ Ke8 34. Rxg4 Ra6 35. Qb5+ Qd7 36. Qe2 Re6 37. Rd4 Qh7 38. Qb5+ Kf8 39. Qc5+ Qe7 40. Qc3 Rfxe5 41. Rxe5 Rxe5 42. Rd1 Kg8 43. b5 Re2 44. Qg3 Qe5 45. Qd3 Qe4 46. Qc3 Qf4 47. Qc5 g4 48. Qb6 Re7 49. Qg6+ Kf8 50. Qh5 Kg7 51. Qh4 Rf7 52. Rf1 Kg6 53. Qd8 g3 54. Qg8+ Rg7 55. Qe6+ Kh7 56. Qh3+ Kg8 57. Qe6+ Qf7 58. Qd6 Qe7 59. Qb8+ Kh7 60. Qf4 Qe4 61. fxg3 Qxf4 62. gxf4 d4 63. Rd1 Rd7 64. Kf2 Kg6 65. g4 Kf6 66. Ke2 Be4 67. Ra1 Ke6 68. Ra6+ Kd5 69. Rc6 Rb7 70. g5 Rxb5 71. Rf6 Rb2+ 72. Kd1 Kc4 73. g6 Rg2 74. f5 Kd3 75. Kc1 Kc3 76. Kd1 Bf3+ 77. Ke1 d3 78. Rd6 Re2+ 79. Kf1 d2 80. Rd8 Bh5 81. g7 Re1+ 82. Kf2 Bf7 83. Rc8+ Kb4 0-1

[Event "HUN-chT2 Toth 0708"]
[Site "Hungary"]
[Date "2007.12.09"]
[Round "4"]
[White "Radics, Laszlo"]
[Black "Abraham, Zoltan"]
[Result "0-1"]
[WhiteElo "2131"]
[BlackElo "1965"]
[PlyCount "56"]
[EventDate "2007.10.14"]
[EventType "team-tourn"]
[EventRounds "11"]
[EventCountry "HUN"]
[SourceTitle "EXT 2009"]
[Source "ChessBase"]
[SourceDate "2008.11.26"]
[SourceVersion "1"]
[SourceVersionDate "2008.11.26"]
[SourceQuality "1"]
[WhiteTeam "Mezobereny"]
[BlackTeam "Vasarhelyi"]
[WhiteTeamCountry "HUN"]
[BlackTeamCountry "HUN"]

1. e4 c5 2. Nf3 Nc6 3. d4 cxd4 4. Nxd4 Nf6 5. Nc3 e5 6. Ndb5 d6 7. a4 a6 8. Na3 Be7 9. f3 Be6 10. Bc4 0-0 11. Be3 Qc7 12. Qe2 Rac8 13. 0-0 Nd4 14. Bxd4 Bxc4 15. Nxc4 exd4 16. Nd5 Nxd5 17. exd5 Qxc4 18. Qxe7 Qxd5 19. Rac1 Rfe8 20. Qh4 d3 21. c4 d2 22. Rc3 Rxc4 23. Qxc4 d1Q 24. Rxd1 Qxd1+ 25. Qf1 Qd2 26. Rd3 Qxb2 27. h3 Qb4 28. Kh2 Qxa4 0-1

[Event "HUN-chT2 Toth 0607"]
[Site "Hungary"]
[Date "2007.05.20"]
[Round "11"]
[White "Abraham, Zoltan"]
[Black "Varadi, Laszlo"]
[Result "0-1"]
[WhiteElo "1965"]
[BlackElo "2197"]
[PlyCount "76"]
[EventDate "2006.11.12"]
[EventType "team-tourn"]
[EventRounds "11"]
[EventCountry "HUN"]
[SourceTitle "EXT 2025"]
[Source "ChessBase"]
[SourceDate "2024.10.14"]
[SourceVersion "1"]
[SourceVersionDate "2024.10.14"]
[SourceQuality "1"]
[WhiteTeam "Vasarhelyi"]
[BlackTeam "Gy DSE"]
[WhiteTeamCountry "HUN"]
[BlackTeamCountry "HUN"]

1. c4 Nf6 2. d4 g6 3. Nc3 d5 4. Nf3 Bg7 5. cxd5 Nxd5 6. e4 Nxc3 7. bxc3 c5 8. Bb5+ Bd7 9. Bxd7+ Qxd7 10. 0-0 0-0 11. Rb1 Rd8 12. Be3 cxd4 13. cxd4 Nc6 14. d5 Na5 15. Bd4 b6 16. Bxg7 Kxg7 17. Qd4+ Kg8 18. Ne5 Qd6 19. Rbc1 Rac8 20. f3 Qa3 21. Ng4 f6 22. Rxc8 Rxc8 23. e5 Rc4 24. Qa1 Qc5+ 25. Kh1 f5 26. e6 fxg4 27. fxg4 Qd4 28. Qe1 Nb7 29. h3 Nd6 30. Qh4 Qg7 31. Qf2 g5 32. Qg3 Rc3 33. Qf2 Ne4 34. Qf7+ Qxf7 35. Rxf7 Rc7 36. Kg1 Nd6 37. Rf2 Rc1+ 38. Kh2 Rd1 0-1

[Event "HUN-chT2 Toth 0607"]
[Site "Hungary"]
[Date "2007.03.04"]
[Round "6"]
[White "Botta, Tibor"]
[Black "Abraham, Zoltan"]
[Result "1/2-1/2"]
[WhiteElo "2047"]
[BlackElo "1965"]
[PlyCount "21"]
[EventDate "2006.11.12"]
[EventType "team-tourn"]
[EventRounds "11"]
[EventCountry "HUN"]
[SourceTitle "EXT 2025"]
[Source "ChessBase"]
[SourceDate "2024.10.14"]
[SourceVersion "1"]
[SourceVersionDate "2024.10.14"]
[SourceQuality "1"]
[WhiteTeam "Kecskemet Takisz"]
[BlackTeam "Vasarhelyi"]
[WhiteTeamCountry "HUN"]
[BlackTeamCountry "HUN"]

1. e4 c5 2. Nf3 Nc6 3. d4 cxd4 4. Nxd4 Nf6 5. Nc3 e5 6. Nxc6 bxc6 7. Bd3 Bb4 8. Bd2 d5 9. exd5 cxd5 10. Bb5+ Bd7 11. Bxd7+ 1/2-1/2

[Event "HUN-chT2 Toth 0607"]
[Site "Hungary"]
[Date "2006.12.03"]
[Round "3"]
[White "Abraham, Zoltan"]
[Black "Varga, Ferenc"]
[Result "1-0"]
[WhiteElo "1965"]
[BlackElo "1889"]
[PlyCount "117"]
[EventDate "2006.11.12"]
[EventType "team-tourn"]
[EventRounds "11"]
[EventCountry "HUN"]
[SourceTitle "EXT 2025"]
[Source "ChessBase"]
[SourceDate "2024.10.14"]
[SourceVersion "1"]
[SourceVersionDate "2024.10.14"]
[SourceQuality "1"]
[WhiteTeam "Vasarhelyi"]
[BlackTeam "Baja"]
[WhiteTeamCountry "HUN"]
[BlackTeamCountry "HUN"]

1. c4 e5 2. Nc3 Bc5 3. Nf3 d6 4. e3 Bg4 5. Be2 Nf6 6. d4 exd4 7. exd4 Bb6 8. Bg5 0-0 9. Nd5 Nbd7 10. h3 Bh5 11. Nf4 Ba5+ 12. Kf1 Bg6 13. a3 c6 14. Nxg6 hxg6 15. h4 Qe8 16. Bf4 Qe7 17. b4 Bc7 18. Ng5 Rac8 19. Qc2 d5 20. Bxc7 Rxc7 21. Re1 Re8 22. h5 Ne4 23. Nf3 Rcc8 24. hxg6 fxg6 25. Bd3 g5 26. Re2 g4 27. Nd2 Ndf6 28. Ke1 Qd6 29. c5 Qf4 30. Bxe4 Nxe4 31. Nxe4 Rxe4 32. Rxe4 Qxe4+ 33. Qxe4 dxe4 34. Ke2 Rf8 35. Ke3 g6 36. Rh4 g3 37. fxg3 Rf1 38. Rxe4 Ra1 39. Re8+ Kf7 40. Rb8 Rxa3+ 41. Kf4 Ke6 42. Rxb7 Rd3 43. Ke4 Rxg3 44. Rc7 Rg4+ 45. Kd3 Rxg2 46. Rxc6+ Kf5 47. Ra6 g5 48. Rxa7 g4 49. b5 Rb2 50. b6 g3 51. Rg7 Kf4 52. b7 g2 53. Rxg2 Rxb7 54. Rf2+ Kg5 55. c6 Rb3+ 56. Kc4 Rb1 57. d5 Rd1 58. Kc5 Ra1 59. d6 1-0

[Event "HUN-chT2 Toth 0506"]
[Site "Hungary"]
[Date "2005.12.04"]
[Round "5"]
[White "Abraham, Zoltan"]
[Black "Pasztorcsik, Janos"]
[Result "1/2-1/2"]
[WhiteElo "1930"]
[BlackElo "2127"]
[PlyCount "113"]
[EventDate "2005.10.16"]
[EventType "team-tourn"]
[EventRounds "11"]
[EventCountry "HUN"]
[SourceTitle "EXT 2009"]
[Source "ChessBase"]
[SourceDate "2008.11.26"]
[SourceVersion "1"]
[SourceVersionDate "2008.11.26"]
[SourceQuality "1"]
[WhiteTeam "Vasarhelyi"]
[BlackTeam "Oroshaza"]
[WhiteTeamCountry "HUN"]
[BlackTeamCountry "HUN"]

1. c4 e5 2. Nc3 Bb4 3. e4 Bxc3 4. bxc3 d6 5. g3 b6 6. Bg2 Nf6 7. d3 0-0 8. Ne2 Bb7 9. 0-0 Nbd7 10. f3 Re8 11. Bg5 h6 12. Be3 c6 13. a4 d5 14. Qb3 Rb8 15. Rfd1 dxc4 16. Qxc4 Qc8 17. Bh3 Ba6 18. Qa2 Qc7 19. Bf5 Rbd8 20. d4 Nf8 21. Bh3 Ne6 22. Rac1 Ng5 23. Bg2 Ne6 24. Kh1 Re7 25. Bh3 Ng5 26. dxe5 Rxd1+ 27. Rxd1 Bxe2 28. Qxe2 Nfxe4 29. fxe4 Nxh3 30. Qg4 Ng5 31. Bxg5 hxg5 32. Qxg5 Qxe5 33. Rd8+ Kh7 34. Qh4+ Kg6 35. Qg4+ Qg5 36. Rd6+ f6 37. Qxg5+ Kxg5 38. Rxc6 Rxe4 39. a5 bxa5 40. h3 g6 41. Rc7 a4 42. Rxa7 Rc4 43. Kg2 Kf5 44. Ra6 g5 45. Kf2 Ke5 46. Kg2 f5 47. Kf2 Ke4 48. Ra5 f4 49. Rxg5 a3 50. Ra5 fxg3+ 51. Kxg3 Rxc3+ 52. Kg4 Kd3 53. h4 Kc2 54. h5 Rc4+ 55. Kg5 Kb3 56. Rxa3+ Kxa3 57. h6 1/2-1/2

[Event "HUN-chT2 Toth 0506"]
[Site "Hungary"]
[Date "2005.10.16"]
[Round "1"]
[White "Bernath, Robert"]
[Black "Abraham, Zoltan"]
[Result "1-0"]
[WhiteElo "2147"]
[BlackElo "1930"]
[PlyCount "79"]
[EventDate "2005.10.16"]
[EventType "team-tourn"]
[EventRounds "11"]
[EventCountry "HUN"]
[SourceTitle "EXT 2009"]
[Source "ChessBase"]
[SourceDate "2008.11.26"]
[SourceVersion "1"]
[SourceVersionDate "2008.11.26"]
[SourceQuality "1"]
[WhiteTeam "Maroczy"]
[BlackTeam "Vasarhelyi"]
[WhiteTeamCountry "HUN"]
[BlackTeamCountry "HUN"]

1. e4 c5 2. Nf3 d6 3. d4 cxd4 4. Nxd4 Nf6 5. Nc3 g6 6. Be3 Bg7 7. f3 Nc6 8. Qd2 0-0 9. Bc4 Ne5 10. Bb3 Bd7 11. 0-0-0 Rc8 12. h4 h5 13. Bg5 Nc4 14. Qe2 Na5 15. Kb1 Nxb3 16. Nxb3 Qc7 17. Bxf6 Bxf6 18. Nd5 Qb8 19. Nxf6+ exf6 20. g4 hxg4 21. fxg4 Rc6 22. g5 f5 23. h5 Kg7 24. hxg6 fxg6 25. e5 Qe8 26. e6 Qxe6 27. Qh2 Qg8 28. Rxd6 Rxd6 29. Qxd6 Qe6 30. Qd4+ Kg8 31. Nc5 Qc6 32. Rh8+ Kf7 33. Rh7+ Ke8 34. Qe5+ Kd8 35. Rxd7+ Qxd7 36. Nxd7 Kxd7 37. Qg7+ Ke8 38. Qxg6+ Ke7 39. Qh7+ Rf7 40. g6 1-0